| 000 -ლიდერი |
| ფიქსირებული სიგრძის საკონტროლო ველი |
02111nam a2200373Ia 4500 |
| 001 - საკონტროლო ნომერი |
| საკონტროლო ველი |
7028 |
| 003 - საკონტროლო ნომრის იდენტიფიკატორი |
| საკონტროლო ველი |
GE_BSU |
| 005 - ბოლო ოპერაციის თარიღი და დრო |
| საკონტროლო ველი |
20230117165358.0 |
| 008 - ფიქსირებული სიგრძის მონაცემთა ელემენტები - ზოგადი ინფორმაცია |
| ფიქსირებული სიგრძის საკონტროლო ველი |
181216s2009||||ge |||||||||||||| ||geo|| |
| 020 ## - წიგნის საერთაშორისო სტანდარტული ნომერი |
| International Standard Book Number |
9789994087341 |
| 040 ## - კატალოგიზაციის წყარო |
| Transcribing agency |
GE_BSU |
| 041 ## - ენის კოდი |
| Language code of text/sound track or separate title |
geo |
| 080 ## - უნივერსალური ათობითი კლასიფიკაციის ინდექსი |
| Universal Decimal Classification number |
159.9 გ–35 |
| 100 ## - მთავარი ჩანაწერი - პიროვნების სახელი |
| Personal name |
გერიგი, რიჩარდ |
| 9 (RLIN) |
13153 |
| 245 ## - ცნობა სათაურის შესახებ |
| Title |
ფსიქოლოგია და ცხოვრება = Psychology and Life / |
| Statement of responsibility, etc |
რიჩარდ გერიგი, ფილიპ ზიმბარდო ; [სამეცნ. რედ.: მარინე ჩიტაშვილი (მთ. სამეცნ. რედ.) [და სხვ.] ; ილ.: კარლო კაჭარავა [და სხვ.]. |
| 250 ## - გამოცემის ცნობა |
| Edition statement |
მე-16 გამოც. |
| 264 ## - წარმოების, გამოცემის, დისტრიბუციის და სხვა ცნობები |
| გამოცემის, წარმოების, დისტრიბუციის... ადგილი |
თბილისი. |
| გამოცემის, წარმოების, დისტრიბუციის... სახელწოდება |
უნ-ტის გამ-ბა, |
| გამოცემის, წარმოების, დისტრიბუციის... თარიღი |
2009. |
| 300 ## - ფიზიკური აღწერა |
| Extent |
855 გვ.; |
| Other physical details |
ილ; |
| Dimensions |
30 სმ. |
| 490 ## - სერიის ცნობა |
| Series statement |
სოციალურ მეცნიერებათა სერია |
| 501 ## - შენიშვნა თანმხლებ მასალაზე |
| With note |
ლექსიკონი: გვ. 787-808. |
| 504 ## - BIBLIOGRAPHY, ETC. NOTE |
| Bibliography, etc |
ბიბლიოგრ.: გვ. 809-854. |
| 653 ## - INDEX TERM--UNCONTROLLED |
| Uncontrolled term |
ფსიქოლოგია |
| 700 ## - ADDED ENTRY--PERSONAL NAME |
| Personal name |
ზიმბარდო, ფილიპ |
| Relator term |
ავტორი |
| 9 (RLIN) |
13164 |
| 700 ## - ADDED ENTRY--PERSONAL NAME |
| Personal name |
ჩიტაშვილი, მარინე |
| Relator term |
რედაქტორი |
| 9 (RLIN) |
977 |
| 700 ## - ADDED ENTRY--PERSONAL NAME |
| Personal name |
მირიანაშვილი, მარიამ |
| Relator term |
რედაქტორი |
| 9 (RLIN) |
3277 |
| 700 ## - ADDED ENTRY--PERSONAL NAME |
| Personal name |
დოლიძე, სოფიო |
| Relator term |
რედაქტორი |
| 9 (RLIN) |
13165 |
| 700 ## - ADDED ENTRY--PERSONAL NAME |
| Personal name |
გოროშიძე, გიორგი |
| Relator term |
რედაქტორი |
| 9 (RLIN) |
13166 |
| 700 ## - ADDED ENTRY--PERSONAL NAME |
| Personal name |
ფარჯანაძე, დალი |
| Relator term |
რედაქტორი |
| 9 (RLIN) |
13167 |
| 700 ## - ADDED ENTRY--PERSONAL NAME |
| Personal name |
ქირია, გივი, რედ. |
| Relator term |
რედაქტორი |
| 9 (RLIN) |
13168 |
| 700 ## - ADDED ENTRY--PERSONAL NAME |
| Personal name |
კაჭარავა, კარლო |
| Relator term |
მხატვარი |
| 9 (RLIN) |
13169 |
| 700 ## - ADDED ENTRY--PERSONAL NAME |
| Personal name |
მაღლაკელიძე, ქეთევან [და სხვ.] |
| Relator term |
მხატვარი |
| 9 (RLIN) |
13170 |
| 942 ## - ADDED ENTRY ELEMENTS (KOHA) |
| Koha item type |
წიგნი |
| Source of classification or shelving scheme |
|